Mecánica de fluidos
Saved in:
| Hovedforfatter: | |
|---|---|
| Format: | Bog |
| Sprog: | spansk |
| Udgivet: |
Madrid
McGraw-Hill
2008
|
| Udgivelse: | 2a. ed |
| Fag: | |
| Tags: |
Tilføj Tag
Ingen Tags, Vær først til at tagge denne postø!
|
MARC
| LEADER | 00000nam a2200000 a 4500 | ||
|---|---|---|---|
| 001 | UCI9102 | ||
| 003 | CL-VaPUC | ||
| 008 | 081024e20080000SP |||||||||||||||||spa|d | ||
| 020 | |a 9788448166038 | ||
| 082 | 0 | 4 | |a 532 |b WHI |2 21 |
| 100 | 0 | |a White, Frank M |e author |9 532751 | |
| 245 | 1 | 0 | |a Mecánica de fluidos |
| 250 | |a 2a. ed | ||
| 300 | |a 864 p | ||
| 942 | |c BK | ||
| 945 | |d 20081024 00:00:00 |a jtorresc | ||
| 260 | |a Madrid |b McGraw-Hill |c 2008 | ||
| 500 | |a Traducido de la 6a. ed. en inglés | ||
| 650 | 0 | |a Física |9 227844 | |
| 650 | 0 | |a Propiedades físicas |9 342981 | |
| 650 | 0 | |a Mecánica de fluidos |9 259464 | |
| 583 | |a last modification |c 20081024 00:00:00 |k Rodrigo Vera | ||
| 999 | |c 331751 |d 331749 | ||
| 952 | |0 0 |1 0 |2 ddc |4 0 |6 532_000000000000000_WHI_2008 |7 0 |8 A |9 418825 |a BIBING |b BIBING |c RES |d 2019-11-22 |i 4490177 |l 5 |o 532 WHI 2008 |p 4490177 |r 2025-05-02 |s 2025-04-29 |w 2019-11-22 |y BK |k EIQ | ||
| 952 | |0 0 |1 0 |2 ddc |4 0 |6 532_000000000000000_WHI_2008 |7 0 |8 R |9 418826 |a BIBMEC |b BIBMEC |d 2019-11-22 |i 4507339 |l 1 |o 532 WHI 2008 |p 4507339 |r 2024-01-19 |s 2022-03-09 |w 2019-11-22 |y BK_R |k MEC | ||
| 952 | |0 0 |1 0 |2 ddc |4 0 |6 532_000000000000000_WHI_2008 |7 0 |8 A |9 418827 |a BIBING |b BIBING |c RES |d 2019-11-22 |i 4601785 |l 12 |m 4 |o 532 WHI 2008 |p 4601785 |r 2025-05-06 |s 2025-04-29 |w 2019-11-22 |y BK |k CCL | ||
| 952 | |0 0 |1 0 |2 ddc |4 0 |6 532_000000000000000_WHI_2008 |7 0 |8 A |9 418828 |a BIBING |b BIBING |c RES |d 2019-11-22 |i 4744764 |l 10 |m 2 |o 532 WHI 2008 |p 4744764 |r 2025-05-05 |s 2025-04-24 |w 2019-11-22 |y BK |k EIQ | ||
| 952 | |0 0 |1 0 |2 ddc |4 0 |6 532_000000000000000_WHI_2008 |7 0 |8 A |9 418829 |a BIBING |b BIBING |c RES |d 2019-11-22 |i 4744772 |l 20 |m 2 |o 532 WHI 2008 |p 4744772 |r 2025-05-06 |s 2025-04-30 |w 2019-11-22 |y BK |k EIQ | ||